[Event "SE-2011-0-00094"]
[Site "LSS email"]
[Date "2011.12.01"]
[Round "?"]
[White "Bossi, Noemi"]
[Black "Horse, Madera"]
[Result "1/2-1/2"]
[WhiteElo "1409"]
[BlackElo "1078"]
[PlyCount "43"]
[EventDate "2011.11.02"]
[EventType "tourn (corr)"]
[EventRounds "6"]
[EventCountry "GER"]
[SourceTitle "Corr 2015"]
[Source "ChessBase"]
[SourceDate "2015.07.17"]
[SourceVersion "1"]
[SourceVersionDate "2015.07.17"]
[SourceQuality "1"]

1. e4 c5 2. c3 d5 3. exd5 Qxd5 4. d4 cxd4 5. cxd4 Nc6 6. Nf3 e6 7. Nc3 Bb4 8. Be2 Qa5 9. Bd2 Nf6 10. 0-0 0-0 11. a3 Bd6 12. h3 Rd8 13. b4 Qc7 14. Nb5 Qb8 15. Qc1 a6 16. Nxd6 Qxd6 17. Bf4 Qe7 18. Qb2 Nd5 19. Bg3 b5 20. Rac1 Bb7 21. Rfe1 Rac8 22. Bd3 1/2-1/2

[Event "SE-2011-0-00094"]
[Site "LSS email"]
[Date "2011.12.01"]
[Round "?"]
[White "Paetzold, Ortwin"]
[Black "Bossi, Noemi"]
[Result "1/2-1/2"]
[WhiteElo "1538"]
[BlackElo "1409"]
[PlyCount "28"]
[EventDate "2011.11.02"]
[EventType "tourn (corr)"]
[EventRounds "6"]
[EventCountry "GER"]
[SourceTitle "Corr 2015"]
[Source "ChessBase"]
[SourceDate "2015.07.17"]
[SourceVersion "1"]
[SourceVersionDate "2015.07.17"]
[SourceQuality "1"]

1. Nf3 c5 2. g3 Nc6 3. Bg2 e5 4. d3 d5 5. 0-0 Nf6 6. b3 Bd6 7. Bb2 Be6 8. Ng5 0-0 9. c4 d4 10. Nxe6 fxe6 11. Nd2 a6 12. a3 Qd7 13. Nf3 h6 14. Nd2 Rf7 1/2-1/2

[Event "SE-2011-0-00093"]
[Site "LSS email"]
[Date "2011.11.28"]
[Round "?"]
[White "Basson, Heinrich"]
[Black "Bossi, Noemi"]
[Result "0-1"]
[WhiteElo "1389"]
[BlackElo "1409"]
[PlyCount "106"]
[EventDate "2011.10.25"]
[EventType "tourn (corr)"]
[EventRounds "6"]
[EventCountry "GER"]
[SourceTitle "Corr 2015"]
[Source "ChessBase"]
[SourceDate "2015.07.17"]
[SourceVersion "1"]
[SourceVersionDate "2015.07.17"]
[SourceQuality "1"]

1. d4 Nf6 2. c4 c5 3. e3 cxd4 4. exd4 d5 5. Nc3 g6 6. Nf3 Nc6 7. Be2 Bg7 8. 0-0 dxc4 9. Bxc4 0-0 10. Be3 Ng4 11. Rc1 Bf5 12. a3 Rc8 13. Be2 Nxe3 14. fxe3 Bh6 15. Kf2 e5 16. dxe5 Qb6 17. Nd5 Qxb2 18. Rxc6 Rxc6 19. Ne7+ Kg7 20. Nxc6 bxc6 21. Qc1 Rb8 22. Nd4 Be4 23. Qxb2 Rxb2 24. Rc1 Bxg2 25. Nxc6 Be4 26. Nd4 Bg5 27. a4 Bh4+ 28. Kf1 Bg5 29. Kf2 h5 30. Rc3 Bh4+ 31. Kg1 Rb1+ 32. Bf1 Bg5 33. Nb5 Ra1 34. Nd6 Bd5 35. Ne8+ Kf8 36. Nf6 Bxf6 37. exf6 Kg8 38. Kf2 Rxa4 39. Rd3 Be6 40. Rd4 Rxd4 41. exd4 a5 42. Bb5 Bb3 43. Bc6 a4 44. d5 a3 45. d6 a2 46. d7 a1Q 47. d8Q+ Kh7 48. Bf3 Be6 49. Qd3 Qxf6 50. Kg2 Qg5+ 51. Kf2 Qh4+ 52. Kg1 Qe1+ 53. Qf1 Qxf1+ 0-1

[Event "RE-2011-0-00076"]
[Site "LSS email"]
[Date "2011.10.13"]
[Round "?"]
[White "Bossi, Noemi"]
[Black "Drobotov, Gennady Sergeevich"]
[Result "1-0"]
[WhiteElo "1369"]
[BlackElo "1345"]
[PlyCount "59"]
[EventDate "2011.08.27"]
[EventType "tourn (corr)"]
[EventRounds "6"]
[EventCountry "GER"]
[SourceTitle "Telechess CBM 157"]
[Source "ChessBase"]
[SourceDate "2013.11.12"]
[SourceVersion "1"]
[SourceVersionDate "2013.11.12"]
[SourceQuality "1"]

1. g3 Nc6 2. Bg2 e5 3. c4 Nf6 4. Nc3 Bc5 5. d3 h6 6. Nf3 d6 7. 0-0 0-0 8. a3 a5 9. e3 Bg4 10. h3 Bd7 11. Kh2 Bb6 12. d4 Re8 13. d5 Ne7 14. e4 c6 15. dxc6 Bxc6 16. Re1 Bxf2 17. Re2 Qb6 18. Qxd6 Bxg3+ 19. Kh1 Rad8 20. Be3 Qxe3 21. Qxd8 Qc5 22. Qd3 Nh5 23. b4 axb4 24. axb4 Qxb4 25. Rea2 Bf4 26. Ne2 Nc8 27. Nxf4 Nxf4 28. Qd2 Qc5 29. Ra5 b5 30. cxb5 1-0

[Event "RE-2011-0-00076"]
[Site "LSS email"]
[Date "2011.10.13"]
[Round "?"]
[White "Santos, Maria Cristina"]
[Black "Bossi, Noemi"]
[Result "1-0"]
[WhiteElo "1498"]
[BlackElo "1369"]
[PlyCount "63"]
[EventDate "2011.08.27"]
[EventType "tourn (corr)"]
[EventRounds "6"]
[EventCountry "GER"]
[SourceTitle "Telechess CBM 157"]
[Source "ChessBase"]
[SourceDate "2013.11.12"]
[SourceVersion "1"]
[SourceVersionDate "2013.11.12"]
[SourceQuality "1"]

1. d4 g6 2. c4 Bg7 3. Nc3 c5 4. d5 d6 5. e4 Nf6 6. Bd3 b5 7. cxb5 a6 8. Nge2 0-0 9. 0-0 axb5 10. Nxb5 Ba6 11. Nec3 Nbd7 12. Qc2 Qa5 13. a4 Rfb8 14. Bd2 Qb6 15. Kh1 Ne5 16. Be2 Ne8 17. f4 Nd7 18. Rf3 Nc7 19. Rb1 Nxb5 20. Nxb5 Nf6 21. Rbf1 Ne8 22. f5 Nc7 23. fxg6 fxg6 24. Rf7 Nxb5 25. Rxg7+ Kxg7 26. axb5 Bxb5 27. Qc3+ Kg8 28. Bh6 e5 29. dxe6 Qc7 30. Qf6 Bxe2 31. e7 Bxf1 32. Qg7# 1-0

[Event "RE-2011-0-00076"]
[Site "LSS email"]
[Date "2011.10.12"]
[Round "?"]
[White "Bossi, Noemi"]
[Black "Basson, Heinrich"]
[Result "1-0"]
[WhiteElo "1369"]
[BlackElo "1285"]
[PlyCount "62"]
[EventDate "2011.08.27"]
[EventType "tourn (corr)"]
[EventRounds "6"]
[EventCountry "GER"]
[SourceTitle "Telechess CBM 157"]
[Source "ChessBase"]
[SourceDate "2013.11.12"]
[SourceVersion "1"]
[SourceVersionDate "2013.11.12"]
[SourceQuality "1"]

1. g3 d5 2. Bg2 Nf6 3. c4 c6 4. b3 e6 5. Bb2 Be7 6. d4 0-0 7. Nc3 Nbd7 8. Nf3 a6 9. c5 b6 10. b4 Rb8 11. Qc2 a5 12. a3 bxc5 13. bxc5 Qc7 14. Rb1 Kh8 15. 0-0 e5 16. e3 e4 17. Ne5 Nxe5 18. dxe5 Nd7 19. Ne2 Ba6 20. Rfd1 Nxc5 21. Nd4 Bd3 22. Qc3 Qb7 23. Bf1 Bxb1 24. Rxb1 Na4 25. Qxc6 Nxb2 26. a4 h6 27. Kg2 Qxc6 28. Nxc6 Ba3 29. Nxb8 Rxb8 30. h3 Kg8 31. g4 Rb7 1-0